[Event "SUI-ch U16"]
[Site "Kreuzlingen"]
[Date "2016.07.03"]
[Round "7"]
[White "Pellicoro, Nathalie"]
[Black "Lucca, Kevin"]
[Result "1/2-1/2"]
[WhiteElo "1743"]
[BlackElo "1956"]
[PlyCount "63"]
[EventDate "2016.06.30"]
[EventType "swiss"]
[EventRounds "7"]
[EventCountry "SUI"]
[SourceTitle "EXT 2017"]
[Source "ChessBase"]
[SourceDate "2016.10.25"]
[SourceVersion "1"]
[SourceVersionDate "2016.10.25"]
[SourceQuality "1"]

1. e4 c5 2. Nc3 a6 3. f4 e6 4. g3 b5 5. d3 Bb7 6. Bg2 Nf6 7. Qe2 Nc6 8. Nf3 Nd4 9. Nxd4 cxd4 10. Nb1 Rc8 11. 0-0 Qc7 12. c3 Bc5 13. Kh1 h5 14. h3 Qb6 15. b4 Be7 16. Bb2 dxc3 17. Bxc3 d5 18. a3 dxe4 19. dxe4 Rc4 20. Bxf6 Bxf6 21. e5 Be7 22. Nd2 Rc3 23. Bxb7 Qxb7+ 24. Qe4 Qxe4+ 25. Nxe4 Re3 26. Rfe1 Rxe1+ 27. Rxe1 0-0 28. Rc1 Rd8 29. Kg2 Rd3 30. Rc8+ Kh7 31. Rc3 Rxc3 32. Nxc3 1/2-1/2

[Event "SUI-ch U16"]
[Site "Kreuzlingen"]
[Date "2016.07.02"]
[Round "5"]
[White "Stijve, Theo"]
[Black "Lucca, Kevin"]
[Result "1-0"]
[WhiteElo "2071"]
[BlackElo "1956"]
[PlyCount "117"]
[EventDate "2016.06.30"]
[EventType "swiss"]
[EventRounds "7"]
[EventCountry "SUI"]
[SourceTitle "EXT 2017"]
[Source "ChessBase"]
[SourceDate "2016.10.25"]
[SourceVersion "1"]
[SourceVersionDate "2016.10.25"]
[SourceQuality "1"]

1. e4 c5 2. Nf3 e6 3. d4 cxd4 4. Nxd4 Nc6 5. Nc3 Qc7 6. Be3 a6 7. Qd2 b5 8. 0-0-0 b4 9. Na4 Nf6 10. f3 h5 11. Nxc6 Qxc6 12. Nb6 Rb8 13. e5 Ng8 14. Nxc8 Rxc8 15. Bxa6 Ra8 16. Bc4 Be7 17. Qd3 Rb8 18. Rd2 Nh6 19. Bxh6 Rxh6 20. f4 Rg6 21. Rhd1 Rxg2 22. Rxg2 Qxg2 23. Qxd7+ Kf8 24. Qc7 Qb7 25. Qxb7 Rxb7 26. Rd3 Ke8 27. Kd2 Rb8 28. c3 bxc3+ 29. Kxc3 Bb4+ 30. Kc2 Rd8 31. a3 Rxd3 32. Kxd3 Bc5 33. b4 Bg1 34. h3 h4 35. a4 Kd7 36. f5 g5 37. fxg6 fxg6 38. a5 Bf2 39. b5 Be1 40. a6 Bf2 41. Ke4 g5 42. Kf3 Bb6 43. Kg4 Be3 44. Kh5 Ke7 45. Kg6 Bb6 46. Kxg5 Bf2 47. Kg4 Kf7 48. Kf3 Bb6 49. Ke4 Ba7 50. Bb3 Ke7 51. Kd3 Bf2 52. Kc4 Be3 53. b6 Bxb6 54. Kb5 Bd4 55. Kc6 Kf7 56. Kb7 Kg6 57. Bxe6 Kg5 58. Bg4 Kf4 59. e6 1-0